00791nam a2200205 a 4500001000900000005001700009008004100026020001500067040001800082050002500100100002100125245006000146260008900206300004100295500002100336500010800357504002900465650003600494650005500530BRCA_47320190320203026.0861125s1987 caua---##b---l000-0#eng-# a0875871364 aDLCcDLCdDLC 4aNK5004.J3b.K89 19871 aKuwayama, George10aShippobthe art of enameling in JapancGeorge Kuwayama. aLos ÁngelesbFar Eastern Art Council of the Los Angeles County Museum of Artc1987 a56 p.bil. (algunas a color)c27 cm. aIncluye glosario aCatálogo de la exposición realizada en Los Angeles Country Museum of Art, 5 febrero - 26 abril 1987 aBibliografía: p. 29-3114aEsmaltesxExposicioneszJapón14aEsmaltes japonesesxExposicionesySiglo XVII-XVIII